Приборы, средства автоматизации и системы управления. 1984, Вып.2: Современное состояние и прогнозы развития техники "конторы будущего" в промышленно развитых капиталистических странах (Запись № 3628721)

Подробности
000 -МАРКЕР
контрольное поле 01472nam2a22002531 4500
001 - ИДЕНТИФИКАТОР ЗАПИСИ
контрольное поле RU\NLR\INFOCOMM15\1000148937
005 - ИДЕНТИФИКАТОР ВЕРСИИ
контрольное поле 20250617131351.0
035 ## - ДРУГИЕ СИСТЕМНЫЕ НОМЕРА
Идентификатор записи (NLR Aleph) 002622685
100 ## - ДАННЫЕ ОБЩЕЙ ОБРАБОТКИ
Данные общей обработки 20040818d1984 |||y0rusy50 ca
101 0# - ЯЗЫК РЕСУРСА
Язык текста, звукозаписи и т.д. русский
102 ## - СТРАНА ПУБЛИКАЦИИ ИЛИ ПРОИЗВОДСТВА
Страна публикации Российская Федерация
105 ## - ПОЛЕ КОДИРОВАННЫХ ДАННЫХ: ТЕКСТОВЫЕ МАТЕРИАЛЫ, МОНОГРАФИЧЕСКИЕ
Кодированные данные о монографическом текстовом документе y |||||||||
200 1# - ЗАГЛАВИЕ И СВЕДЕНИЯ ОБ ОТВЕТСТВЕННОСТИ
Основное заглавие Современное состояние и прогнозы развития техники "конторы будущего" в промышленно развитых капиталистических странах
Первые сведения об ответственности И.Р. Ильина и др.
210 ## - ПУБЛИКАЦИЯ, РАСПРОСТРАНЕНИЕ И ДР.
Дата издания, распространения и т.д. 1984
Место издания, распространения и т.д. Б. м.
461 #0 - УРОВЕНЬ НАБОРА
Встроенное поле 001RU\NLR\INFOCOMM15\1000148895
-- 2001#$aПриборы, средства автоматизации и системы управления$eОбзор. информ.$hТС-2$iСредства вычислительной техники и оргтехники$fЦНИИТЭИ приборостроения$v1984, Вып.2
Системный номер (АБИС) связанной записи 3628361
Место публикации М.
Дата публикации 1971-
Первые сведения об ответственности ЦНИИТЭИ приборостроения
Номер части ТС-2
Заглавие части Средства вычислительной техники и оргтехники
Сведения, относящиеся к заглавию Обзор. информ.
Заглавие Приборы, средства автоматизации и системы управления
ISSN 0203-247
Номер тома 1984, Вып.2
700 #1 - ИМЯ ЛИЦА - ПЕРВИЧНАЯ ОТВЕТСТВЕННОСТЬ
Начальный элемент ввода Ильина
Часть имени, кроме начального элемента ввода И.Р.
Код отношения Автор
801 #1 - ИСТОЧНИК ЗАПИСИ
Страна Российская Федерация
Организация InfoComm
Дата составления 20040818
801 #0 - ИСТОЧНИК ЗАПИСИ
Страна Российская Федерация
Организация NLR
Правила каталогизации PSBO
852 ## - МЕСТОНАХОЖДЕНИЕ И ШИФР ХРАНЕНИЯ
Идентификатор организации NLR
Шифр хранения (Call Number) П10/4176
942 ## - ДОПОЛНИТЕЛЬНЫЕ ЭЛЕМЕНТЫ ЗАПИСИ (АБИС)
Тип экземпляра АБИС Выпуск
980 ## - КОЛЛЕКЦИЯ
Название коллекции Национальная библиография
980 ## - КОЛЛЕКЦИЯ
Название коллекции Русская периодика

Нет доступных экземпляров.